|
|
|
|
| LEADER |
00000naa2a2200000 4500 |
| 001 |
491015 |
| 005 |
20250917071652.0 |
| 035 |
|
|
|a (RuTPU)RU\TPU\prd\159956
|
| 090 |
|
|
|a 491015
|
| 100 |
|
|
|a 20121122a2009 k y0rusy50 ca
|
| 101 |
0 |
|
|a rus
|
| 102 |
|
|
|a RU
|
| 200 |
1 |
|
|a Особенности физико-механических свойств границы раздела между исходным материалом и материалом, содержащим примеси водорода и гелия
|f И. П. Чернов [и др.]
|
| 330 |
|
|
|a С помощью неразрушающих методов контроля исследованы физико-механич. свойства границы раздела между исходным материалом и материалом, содержащим примеси водорода и гелия. Установлено, что переходные области обладают особыми физико-механич. свойствами: при наводороживании на границе раздела наблюдается повышенное содержание водорода и, соответственно, повышенные значения микротвердости. Акустич. измерения указывают на значительные изменения механич. свойств металлов в переходных областях. Во всех случаях значение термо-э. д. с. ниже в области, насыщенной гелием. Установлено, что при насыщении водородом циркония значение термо-э. д. с. снижается с уменьшением времени наводороживания.
|
| 461 |
|
1 |
|0 (RuTPU)RU\TPU\prd\1685
|x 0207-3528
|t Поверхность. Рентгеновские, синхротронные и нейтронные исследования
|f Российская академия наук (РАН) ; Отделение физических наук РАН
|d 1996-
|
| 463 |
|
1 |
|0 (RuTPU)RU\TPU\prd\107857
|t № 4
|v С. 108-112
|d 2009
|
| 610 |
1 |
|
|a труды учёных ТПУ
|
| 701 |
|
1 |
|a Чернов
|b И. П.
|c физик
|c профессор Томского политехнического университета, доктор физико-математических наук
|f 1935-2025
|g Иван Петрович
|x TPU
|y Томск
|3 (RuTPU)RU\TPU\pers\12909
|9 3694
|
| 701 |
|
1 |
|a Черданцев
|b Ю. П.
|c российский физик
|c профессор Томского политехнического университета, доктор физико-математических наук
|f 1954-
|g Юрий Петрович
|3 (RuTPU)RU\TPU\pers\27875
|9 12891
|
| 701 |
|
1 |
|a Лидер
|b А. М.
|c физик
|c профессор Томского политехнического университета, доктор технических наук
|f 1976-2025
|g Андрей Маркович
|y Томск
|3 (RuTPU)RU\TPU\pers\25616
|9 11545
|
| 701 |
|
1 |
|a Мамонтов
|b А. П.
|c российский физик
|c профессор Томского политехнического университета, доктор физико-математических наук
|c Заслуженный изобретатель РФ
|f 1934-
|g Аркадий Павлович
|3 (RuTPU)RU\TPU\pers\21984
|9 9295
|
| 701 |
|
1 |
|a Гаранин
|b Г. В.
|c физик
|c заведующий лабораторией Томского политехнического университета
|f 1976-
|g Георгий Викторович
|3 (RuTPU)RU\TPU\pers\27833
|9 12868
|
| 701 |
|
1 |
|a Ган
|b А. К.
|
| 701 |
|
1 |
|a Чупина
|b А. С.
|
| 701 |
|
1 |
|a Томина
|b Н. С.
|c физик
|c доцент Томского политехнического университета, кандидат физико-математических наук, заведующий лабораторией
|f 1984-
|g Наталья Сергеевна
|3 (RuTPU)RU\TPU\pers\35665
|9 18826
|
| 801 |
|
1 |
|a RU
|b 63413507
|c 20121122
|
| 801 |
|
2 |
|a RU
|b 63413507
|c 20151123
|g RCR
|
| 942 |
|
|
|c BK
|